Statistiques concernant PNL

Cliquez ici pour prendre le quiz!

Statistiques générales

  • Ce quiz a été pris 473 fois
  • Le résultat moyen est 7 sur 15

Statistiques - réponses

PhrasesSons% Correct
T'aimes pas ta copine veut nous faire le boussa-boussa (mouah)Bené
81%
Qu'est-ce qu'on riait, comme c'était bon à l'ancienneBambina
75%
J'ai pas le temps de te mentir, QLF abonnéJusqu'au dernier gramme
63%
Baba, j'bibi' en basOh lala
63%
J'aime trop mon zoo, tu comprends pas, pas l'même amourChang
61%
Ounga visite à Fleury, libérable 5 heure du mat' pété j'vais vomirJe vis je visser
53%
Guapa sheitana dans la villa, les démons me chuchotent “marie-la”Tempête
50%
J'suis sale, t'aimes les belles choses, pourquoi tu m'aimes ?Frontières
45%
Si le rap s'arrête, j'ai toujours la cagouleSheita
43%
Igo on s’refait pas, j’vis la vie qu’j’aurai pas, j’nique la fille qu’j’aurai pasPorte de Mesrine
38%
J'suis pas cool ? Ah bon ? Suce ma te-biShenmue
38%
Il est jamais trop tard sauf si j't'ai montré mon âmeComme pas deux
36%
Tantôt j'tue l'temps tant, tantôt c'est l'temps qui m'killDifférents
34%
Enchanté la famille, c'est comment vers chez oi-t ?Obligés de prendre
20%
Sur le macadam, on navigue, teste, on vient là où t'habitesQue la mif
20%

Distribution des résultats

Percentile par nombre de réponses

% des personnes avec chaque résultat

Votre développement - résultats

Vous n’avez pas pris ce quiz